| 000 | 00687nam a22001697a 4500 | ||
|---|---|---|---|
| 999 |
_c15056 _d15056 |
||
| 003 | OSt | ||
| 082 | _2631.56 BAB/DE | ||
| 088 | _aP 11 | ||
| 100 |
_aBABU V _aSAISUNDAR S _aSUNILKUMAR PANDEY _92454 |
||
| 245 | _aDesign and fabrication of low cost paddy thresher | ||
| 260 |
_aTavanur 1992 _bKelappaji College of Agricultural Engineering and Technology |
||
| 300 | _a101 | ||
| 500 | _aDesign and fabrication of low cost paddy thresher | ||
| 520 | _aefficient thresher. KCAET Tavanur product. spike type threshing drum, feeding chute, cylinder cover, blower and frame single person operated machine.single phase electric motor | ||
| 700 |
_aEr. George Mathew (Guide) _92176 |
||
| 942 | _cPR | ||